[Event "Espergaerde Kystmesterskab 1995"]
[Site "Espergaerde"]
[Date "1995.09.30"]
[Round "1"]
[White "Bratholm, Palle"]
[Black "Bonnez, Finn"]
[Result "1-0"]
[WhiteElo "1993"]
[BlackElo "1984"]
[PlyCount "69"]
[EventDate "1995.??.??"]
[EventType "tourn"]
[EventRounds "7"]
[EventCountry "DEN"]

1. c4 e5 2. Nc3 Nf6 3. g3 c5 4. Bg2 Nc6 5. Nf3 Be7 6. O-O O-O 7. Ne1 d6 8. Nc2
Be6 9. Ne3 Ne8 10. d3 Qd7 11. Re1 Bh3 12. Ned5 Bd8 13. Bh1 f5 14. f4 Kh8 15. a3
g5 16. e3 Qg7 17. Qc2 gxf4 18. exf4 Nd4 19. Qf2 a5 20. Be3 Bf6 21. Bxd4 cxd4
22. Nb5 Rd8 23. b4 axb4 24. axb4 h5 25. Bg2 Bxg2 26. Qxg2 Rd7 27. Ra7 Bd8 28.
c5 dxc5 29. fxe5 b6 30. Ra8 Nc7 31. Nbxc7 Bxc7 32. e6 Rxa8 33. exd7 Be5 34.
Nxb6 Rd8 35. bxc5 1-0

[Event "Espergaerde Kystmesterskab 1995"]
[Site "Espergaerde"]
[Date "1995.09.30"]
[Round "1"]
[White "Jaksland, Tim"]
[Black "Jakobsen, Ole"]
[Result "1/2-1/2"]
[WhiteElo "2214"]
[BlackElo "2406"]
[PlyCount "55"]
[EventDate "1995.??.??"]
[EventType "tourn"]
[EventRounds "7"]
[EventCountry "DEN"]

1. d4 Nf6 2. Nf3 g6 3. Bg5 Bg7 4. Nbd2 d5 5. e3 O-O 6. Bd3 Nbd7 7. c3 c6 8. O-O
Re8 9. Qb3 e5 10. e4 exd4 11. cxd4 h6 12. Bxf6 Nxf6 13. e5 Nh7 14. Qc2 Nf8 15.
b4 Ne6 16. g3 Qb6 17. Qc3 a5 18. bxa5 Qxa5 19. Qc2 Qa4 20. Nb3 Bd7 21. Qd2 b6
22. Bc2 Qa3 23. Nh4 c5 24. dxc5 Nxc5 25. f4 Ba4 26. Qxd5 Red8 27. Qc4 Bxb3 28.
Bxb3 1/2-1/2

[Event "Espergaerde Kystmesterskab 1995"]
[Site "Espergaerde"]
[Date "1995.09.30"]
[Round "1"]
[White "Olesen, Martin"]
[Black "Frederiksen, Henrik K"]
[Result "1-0"]
[WhiteElo "2370"]
[BlackElo "2041"]
[PlyCount "93"]
[EventDate "1995.??.??"]
[EventType "tourn"]
[EventRounds "7"]
[EventCountry "DEN"]

1. e4 c5 2. Nf3 d6 3. d4 cxd4 4. Nxd4 Nf6 5. Nc3 g6 6. Be3 Bg7 7. f3 O-O 8. Qd2
Nc6 9. O-O-O d5 10. Qe1 e5 11. Nxc6 bxc6 12. exd5 Nxd5 13. Bc4 Be6 14. h4 Qe7
15. Nxd5 cxd5 16. Bxd5 Bxd5 17. Rxd5 Rab8 18. Qd2 Qb7 19. b3 Rfc8 20. Rd1 h5
21. Qa5 Rc7 22. Rd8+ Rxd8 23. Rxd8+ Kh7 24. Qa4 f5 25. Qe8 f4 26. Rd6 Rf7 27.
Bd2 Bf6 28. Bc3 Re7 29. Qd8 Kg7 30. Kb2 Qc7 31. Qxc7 Rxc7 32. Ba5 Rf7 33. Bd8
Bxd8 34. Rxd8 Kf6 35. c4 Re7 36. Kc3 e4 37. fxe4 Rxe4 38. c5 Kf5 39. c6 Re1 40.
Rd5+ Ke4 41. Rc5 a5 42. Rc4+ Ke3 43. c7 Rc1+ 44. Kb2 Rxc4 45. bxc4 Kf2 46. c8=Q
Kxg2 47. Qc6+ 1-0

[Event "Espergaerde Kystmesterskab 1995"]
[Site "Espergaerde"]
[Date "1995.09.30"]
[Round "2"]
[White "Bang, Andreas"]
[Black "Bratholm, Palle"]
[Result "1-0"]
[WhiteElo "2263"]
[BlackElo "1993"]
[PlyCount "91"]
[EventDate "1995.??.??"]
[EventType "tourn"]
[EventRounds "7"]
[EventCountry "DEN"]

1. Nf3 e6 2. c4 Nf6 3. Nc3 c5 4. g3 b6 5. Bg2 Bb7 6. O-O Be7 7. d4 cxd4 8. Qxd4
d6 9. Rd1 Nbd7 10. Nb5 d5 11. cxd5 Bxd5 12. Bf4 O-O 13. Nc7 Rc8 14. Nxd5 Nxd5
15. Ne5 N7f6 16. Qa4 Qc7 17. Rac1 Qb7 18. Bg5 b5 19. Qb3 Rxc1 20. Rxc1 h6 21.
Bxf6 Bxf6 22. Bxd5 Qxd5 23. Qxd5 exd5 24. Nd3 Re8 25. Kf1 Bd4 26. Rc7 Rd8 27.
Rb7 Bb6 28. e3 f6 29. Nf4 d4 30. Ne6 Rd6 31. Nxd4 Bxd4 32. exd4 Rxd4 33. Rxb5
Rd2 34. a4 a6 35. Rb6 a5 36. Rb5 Rc2 37. b3 Rb2 38. h4 g6 39. g4 Kg7 40. Kg2
Kf7 41. Kg3 Kg7 42. f3 Kf7 43. Kf4 g5+ 44. hxg5 hxg5+ 45. Kf5 Rf2 46. Rb7+ 1-0

[Event "Espergaerde Kystmesterskab 1995"]
[Site "Espergaerde"]
[Date "1995.09.30"]
[Round "2"]
[White "Bonnez, Finn"]
[Black "Jaksland, Tim"]
[Result "0-1"]
[WhiteElo "1984"]
[BlackElo "2214"]
[PlyCount "84"]
[EventDate "1995.??.??"]
[EventType "tourn"]
[EventRounds "7"]
[EventCountry "DEN"]

1. d4 Nf6 2. Nf3 g6 3. g3 Bg7 4. c4 c5 5. Bg2 O-O 6. O-O d6 7. Nc3 Nc6 8. d5
Na5 9. Qd3 a6 10. Nd2 Rb8 11. a4 e6 12. Rb1 exd5 13. cxd5 Qc7 14. e4 Nd7 15. f4
c4 16. Qe2 b5 17. Nf3 b4 18. Nd1 Nc5 19. Nf2 Re8 20. g4 Bd7 21. Re1 Bxa4 22. e5
Bb5 23. Qd2 Bd7 24. f5 dxe5 25. fxg6 hxg6 26. Ng5 Qb6 27. Qe3 f6 28. Nge4 Nxe4
29. Qxb6 Rxb6 30. Nxe4 Nb3 31. Be3 Nd4 32. Ra1 Bxg4 33. Bxd4 exd4 34. Nxf6+
Bxf6 35. Rxe8+ Kf7 36. Ra8 d3 37. h3 Bxb2 38. Ra7+ Kf8 39. Ra8+ Kg7 40. Ra7+
Kh6 41. Rf1 Be2 42. Rff7 d2 0-1

[Event "Espergaerde Kystmesterskab 1995"]
[Site "Espergaerde"]
[Date "1995.09.30"]
[Round "2"]
[White "Jakobsen, Ole"]
[Black "Olesen, Martin"]
[Result "1-0"]
[WhiteElo "2406"]
[BlackElo "2370"]
[PlyCount "43"]
[EventDate "1995.??.??"]
[EventType "tourn"]
[EventRounds "7"]
[EventCountry "DEN"]

1. d4 d5 2. Nf3 Nf6 3. c4 e6 4. Nc3 c5 5. cxd5 Nxd5 6. e3 Nc6 7. Bd3 Be7 8. O-O
cxd4 9. exd4 O-O 10. a3 Bf6 11. Be4 Nce7 12. Qd3 h6 13. Ne5 Nxc3 14. Qxc3 Nf5
15. Be3 Nxe3 16. fxe3 Bxe5 17. dxe5 Qb6 18. Rad1 Rd8 19. Rxd8+ Qxd8 20. Bc2 Bd7
21. Qd3 g6 22. Rxf7 1-0

[Event "Espergaerde Kystmesterskab 1995"]
[Site "Espergaerde"]
[Date "1995.09.30"]
[Round "2"]
[White "Ostergaard, Jens"]
[Black "Frederiksen, Henrik K"]
[Result "1-0"]
[WhiteElo "2264"]
[BlackElo "2041"]
[PlyCount "75"]
[EventDate "1995.??.??"]
[EventType "tourn"]
[EventRounds "7"]
[EventCountry "DEN"]

1. d4 Nf6 2. Nf3 g6 3. c4 Bg7 4. Nc3 O-O 5. e4 d6 6. Be2 e5 7. O-O Nc6 8. Be3
Ng4 9. Bg5 f6 10. Bc1 Nh6 11. d5 Ne7 12. Nd2 f5 13. f3 Kh8 14. b4 Neg8 15. a4
Nf6 16. c5 Nhg8 17. Nc4 f4 18. Ba3 Ne8 19. a5 Rf6 20. b5 b6 21. axb6 axb6 22.
cxb6 cxb6 23. Na4 Rb8 24. Bb4 Rf7 25. Naxb6 Rxb6 26. Ba5 Rfb7 27. Qe1 Ngf6 28.
Nxb6 Rxb6 29. Bxb6 Qxb6+ 30. Qf2 Qd8 31. b6 Nd7 32. Rfb1 Nc5 33. Ra8 Bf6 34. b7
Nxb7 35. Rxb7 Bxb7 36. Rxd8 Bxd8 37. Qa7 Bc8 38. Qb8 1-0

[Event "Espergaerde Kystmesterskab 1995"]
[Site "Espergaerde"]
[Date "1995.10.01"]
[Round "3"]
[White "Bratholm, Palle"]
[Black "Ostergaard, Jens"]
[Result "1/2-1/2"]
[WhiteElo "1993"]
[BlackElo "2264"]
[PlyCount "82"]
[EventDate "1995.??.??"]
[EventType "tourn"]
[EventRounds "7"]
[EventCountry "DEN"]

1. c4 Nf6 2. Nc3 c5 3. e4 e6 4. e5 Ng8 5. d4 cxd4 6. Qxd4 Nc6 7. Qe4 d6 8. Nf3
dxe5 9. Nxe5 Bd7 10. Nxd7 Qxd7 11. Bf4 Nf6 12. Qe3 Bb4 13. Rd1 Qe7 14. Be2 e5
15. Bg5 Bxc3+ 16. bxc3 h6 17. Bh4 O-O 18. O-O Qe6 19. Bf3 Na5 20. Bd5 Nxd5 21.
cxd5 Qd6 22. Bg3 Nc4 23. Qe4 Qa6 24. d6 Nxd6 25. Qxe5 Nc4 26. Qe2 Rac8 27. Rfe1
Qa5 28. Qc2 b6 29. Rd3 Rfe8 30. Rxe8+ Rxe8 31. h3 Re1+ 32. Kh2 g6 33. Rd8+ Kg7
34. Qd3 Ne5 35. Qd4 Qc5 36. Qxc5 bxc5 37. Rd5 Nc4 38. Rxc5 Nd2 39. Be5+ f6 40.
Rc7+ Kg8 41. Bxf6 Nf1+ 1/2-1/2

[Event "Espergaerde Kystmesterskab 1995"]
[Site "Espergaerde"]
[Date "1995.10.01"]
[Round "3"]
[White "Frederiksen, Henrik K"]
[Black "Jakobsen, Ole"]
[Result "0-1"]
[WhiteElo "2041"]
[BlackElo "2406"]
[PlyCount "74"]
[EventDate "1995.??.??"]
[EventType "tourn"]
[EventRounds "7"]
[EventCountry "DEN"]

1. Nf3 Nf6 2. b3 d6 3. c4 g6 4. Bb2 Bg7 5. g3 O-O 6. Bg2 e5 7. d3 c5 8. O-O Nc6
9. Nc3 Nh5 10. Ne1 f5 11. Nd5 Be6 12. a3 Ne7 13. Nxe7+ Qxe7 14. b4 Rad8 15. Qb3
b5 16. Nc2 f4 17. a4 bxc4 18. dxc4 Qf7 19. Bd5 Bxd5 20. cxd5 cxb4 21. a5 Nf6
22. Rad1 g5 23. Nxb4 Rb8 24. Ba3 Qh5 25. f3 fxg3 26. hxg3 Qh3 27. Rf2 Qxg3+ 28.
Rg2 Qh4 29. Qc3 h6 30. e4 Nh5 31. Nc6 Nf4 32. Nxb8 Nxg2 33. Kxg2 g4 34. Rf1
Qh3+ 35. Kg1 gxf3 36. Qb2 Qg3+ 37. Kh1 f2 0-1

[Event "Espergaerde Kystmesterskab 1995"]
[Site "Espergaerde"]
[Date "1995.10.01"]
[Round "3"]
[White "Olesen, Martin"]
[Black "Bonnez, Finn"]
[Result "1-0"]
[WhiteElo "2370"]
[BlackElo "1984"]
[PlyCount "67"]
[EventDate "1995.??.??"]
[EventType "tourn"]
[EventRounds "7"]
[EventCountry "DEN"]

1. e4 e5 2. f4 exf4 3. Nf3 d5 4. exd5 Nf6 5. Bc4 Bd6 6. Qe2+ Qe7 7. Qxe7+ Kxe7
8. Bb3 b5 9. O-O h6 10. a4 bxa4 11. Rxa4 Nbd7 12. d4 g5 13. c4 Kf8 14. c5 Be7
15. Nc3 Kg7 16. Bc4 Nf8 17. Bd2 Ng6 18. Nb5 Ne4 19. Bc3 g4 20. Ne1 Bd8 21. Rxa7
Rxa7 22. Nxa7 Bf5 23. Nb5 Re8 24. d6 cxd6 25. Nxd6 Nxd6 26. cxd6 Bb6 27. Nd3 f3
28. gxf3 Re3 29. Nc5 Rxf3 30. Rxf3 gxf3 31. Kf2 Kf8 32. Kxf3 h5 33. Bb5 Bd8 34.
Nb7 1-0

[Event "Espergaerde Kystmesterskab 1995"]
[Site "Espergaerde"]
[Date "1995.10.01"]
[Round "4"]
[White "Bang, Andreas"]
[Black "Olesen, Martin"]
[Result "0-1"]
[WhiteElo "2263"]
[BlackElo "2370"]
[PlyCount "96"]
[EventDate "1995.??.??"]
[EventType "tourn"]
[EventRounds "7"]
[EventCountry "DEN"]

1. Nf3 Nf6 2. c4 e6 3. Nc3 d5 4. d4 c5 5. cxd5 Nxd5 6. g3 Nc6 7. Bg2 cxd4 8.
Nxd4 Nxc3 9. bxc3 Nxd4 10. cxd4 Bb4+ 11. Bd2 Qxd4 12. Bxb4 Qxb4+ 13. Qd2 Qxd2+
14. Kxd2 Ke7 15. Rhc1 Rd8+ 16. Ke3 Rb8 17. Rc7+ Rd7 18. Rac1 Kd8 19. R7c3 b6
20. f4 Bb7 21. Bxb7 Rbxb7 22. Rc8+ Ke7 23. g4 Rd8 24. R8c7+ Rxc7 25. Rxc7+ Rd7
26. Rc8 Kd6 27. Rh8 h6 28. h4 f6 29. Ke4 b5 30. e3 a5 31. Ra8 a4 32. Ra6+ Kc5
33. Rxe6 b4 34. Re8 b3 35. axb3 axb3 36. Rb8 Kc4 37. Rc8+ Kb4 38. Rb8+ Kc3 39.
Rc8+ Kd2 40. Rb8 Kc2 41. Kf5 b2 42. e4 b1=Q 43. Rxb1 Kxb1 44. g5 fxg5 45. hxg5
Kc2 46. gxh6 gxh6 47. e5 Kd3 48. e6 Ra7 0-1

[Event "Espergaerde Kystmesterskab 1995"]
[Site "Espergaerde"]
[Date "1995.10.01"]
[Round "4"]
[White "Bonnez, Finn"]
[Black "Frederiksen, Henrik K"]
[Result "1-0"]
[WhiteElo "1984"]
[BlackElo "2041"]
[PlyCount "129"]
[EventDate "1995.??.??"]
[EventType "tourn"]
[EventRounds "7"]
[EventCountry "DEN"]

1. d4 Nf6 2. Bf4 d6 3. Nf3 g6 4. Nc3 Bg7 5. e4 O-O 6. Be2 c5 7. dxc5 dxc5 8. e5
Nh5 9. Bg5 Nc6 10. Nd5 f6 11. exf6 exf6 12. Be3 Be6 13. c4 Re8 14. O-O Bf8 15.
Qd2 b6 16. Rfd1 Ne7 17. Ne1 Bxd5 18. cxd5 Ng7 19. Bb5 Nef5 20. Bxe8 Nxe8 21.
Qd3 Bd6 22. g3 Be5 23. Rab1 Ned6 24. Nf3 Nf7 25. Nxe5 Nxe5 26. Qb3 g5 27. Kg2
Qe8 28. Rh1 Qh5 29. Qd1 Qg6 30. Re1 Nd6 31. f3 Rd8 32. Bf2 Nf5 33. b4 cxb4 34.
Rb3 Rd6 35. Re2 a5 36. a3 g4 37. Rxe5 gxf3+ 38. Kh1 fxe5 39. Qxf3 bxa3 40. Rxa3
Qg5 41. Rc3 Ne7 42. Kg2 Rf6 43. Qd1 Qf5 44. Rf3 Qxf3+ 45. Qxf3 Rxf3 46. Kxf3
Nxd5 47. Ke4 Nf6+ 48. Kd3 b5 49. Be1 Kf7 50. Bxa5 Ke6 51. h3 Kd5 52. Be1 Ne4
53. g4 Nc5+ 54. Kc2 Ke4 55. g5 Kf5 56. h4 Ne6 57. Kd3 Nf4+ 58. Kc2 e4 59. Bd2
Nd5 60. Kb3 Kg4 61. Be1 Nf4 62. Bd2 Ng2 63. Kb4 e3 64. Bc3 e2 65. Kxb5 1-0

[Event "Espergaerde Kystmesterskab 1995"]
[Site "Espergaerde"]
[Date "1995.10.01"]
[Round "4"]
[White "Bratholm, Palle"]
[Black "Jaksland, Tim"]
[Result "0-1"]
[WhiteElo "1993"]
[BlackElo "2214"]
[PlyCount "72"]
[EventDate "1995.??.??"]
[EventType "tourn"]
[EventRounds "7"]
[EventCountry "DEN"]

1. c4 g6 2. Nc3 Bg7 3. e4 d6 4. d4 Nc6 5. Be3 e5 6. d5 Nce7 7. Bd3 f5 8. exf5
Nxf5 9. Bd2 Bh6 10. Nf3 Bxd2+ 11. Qxd2 Nf6 12. O-O O-O 13. c5 Nh5 14. Ne4 Nf4
15. Bc4 Ng7 16. cxd6 cxd6 17. Qb4 Ne8 18. Rfd1 Bg4 19. Neg5 Bxf3 20. Nxf3 Qd7
21. Ne1 Rb8 22. f3 Ng7 23. Bb5 Qd8 24. g3 Qb6+ 25. Kh1 a6 26. gxf4 Rxf4 27. Qb3
axb5 28. a4 b4 29. Ng2 Rf7 30. Rac1 Rbf8 31. Rf1 Nf5 32. Rc4 Nd4 33. Rxb4 Qa6
34. Qd1 Rxf3 35. Rxf3 Rxf3 36. Rb5 Qxa4 0-1

[Event "Espergaerde Kystmesterskab 1995"]
[Site "Espergaerde"]
[Date "1995.10.01"]
[Round "4"]
[White "Ostergaard, Jens"]
[Black "Jakobsen, Ole"]
[Result "1/2-1/2"]
[WhiteElo "2264"]
[BlackElo "2406"]
[PlyCount "125"]
[EventDate "1995.??.??"]
[EventType "tourn"]
[EventRounds "7"]
[EventCountry "DEN"]

1. d4 Nf6 2. Nf3 e6 3. c4 c5 4. d5 d6 5. Nc3 exd5 6. cxd5 g6 7. h3 Bg7 8. e4
O-O 9. Bd3 b5 10. Nxb5 Re8 11. O-O Nxe4 12. Qa4 f5 13. Re1 Bd7 14. Qb3 a5 15.
Bxe4 a4 16. Qc4 fxe4 17. Nd2 Bxb5 18. Qxb5 Nd7 19. Nxe4 a3 20. Bg5 Qc7 21. Qc6
Rec8 22. bxa3 Bxa1 23. Qxc7 Rxc7 24. Rxa1 Nb6 25. Bf4 Nxd5 26. Bxd6 Rc6 27. Rd1
Nc7 28. Bxc5 Re8 29. Rd6 Rxd6 30. Nxd6 Re1+ 31. Kh2 Rc1 32. Ne4 Nd5 33. Bd4 Rc2
34. Kg3 Rxa2 35. Nf6+ Nxf6 36. Bxf6 Rxa3+ 37. f3 Kf7 38. Bg5 Ra2 39. h4 h5 40.
Bf4 Ke6 41. Bg5 Kf5 42. Bd8 Rc2 43. Bg5 Ke5 44. Kh3 Kd4 45. g4 Kd3 46. Kg3 Ke2
47. gxh5 gxh5 48. f4 Rc3+ 49. Kg2 Rf3 50. Bh6 Ke3 51. Bg5 Ke4 52. Bh6 Rc3 53.
Bg5 Rc2+ 54. Kf1 Ra2 55. Ke1 Kf5 56. Kf1 Kg4 57. Ke1 Rh2 58. Kf1 Kg3 59. Ke1
Rf2 60. Kd1 Kg2 61. Ke1 Kg1 62. Bh6 Kg2 63. Bg5 1/2-1/2

[Event "Espergaerde Kystmesterskab 1995"]
[Site "Espergaerde"]
[Date "1995.10.07"]
[Round "5"]
[White "Frederiksen, Henrik K"]
[Black "Bang, Andreas"]
[Result "0-1"]
[WhiteElo "2041"]
[BlackElo "2263"]
[PlyCount "114"]
[EventDate "1995.??.??"]
[EventType "tourn"]
[EventRounds "7"]
[EventCountry "DEN"]

1. d4 d5 2. c4 c6 3. Nc3 Nf6 4. Nf3 dxc4 5. a4 Bf5 6. Ne5 Nbd7 7. Nxc4 Qc7 8.
f3 e5 9. e4 exd4 10. Ne2 Be6 11. Bf4 Bb4+ 12. Kf2 Qd8 13. Nxd4 Bxc4 14. Bxc4
Qb6 15. Be3 Bc5 16. Be2 a5 17. Nf5 Bxe3+ 18. Nxe3 O-O 19. Qc2 Rfe8 20. Rhe1 Nd5
21. Ra3 Nb4 22. Qc3 Rad8 23. Kf1 Ne5 24. Nc4 Qc7 25. Nxe5 Qxe5 26. Qxe5 Rxe5
27. Rc3 Kf8 28. Rd1 Rxd1+ 29. Bxd1 Ke7 30. Bb3 f5 31. exf5 Rxf5 32. Re3+ Kd8
33. Be6 Rf6 34. g3 Kc7 35. Kg2 h6 36. f4 Rf8 37. Bg4 Rf7 38. Re8 Nd5 39. Ra8
Kb6 40. Be6 Re7 41. Bxd5 cxd5 42. Kf3 d4 43. Rc8 Re3+ 44. Kg4 Re2 45. b3 Rxh2
46. Rc4 d3 47. Rc3 d2 48. Rd3 g6 49. Kf3 Kc5 50. Ke4 Kb4 51. g4 h5 52. g5 h4
53. Ke5 h3 54. f5 gxf5 55. g6 Rg2 56. g7 h2 57. Rxd2 h1=Q 0-1

[Event "Espergaerde Kystmesterskab 1995"]
[Site "Espergaerde"]
[Date "1995.10.07"]
[Round "5"]
[White "Jakobsen, Ole"]
[Black "Bonnez, Finn"]
[Result "1/2-1/2"]
[WhiteElo "2406"]
[BlackElo "1984"]
[PlyCount "96"]
[EventDate "1995.??.??"]
[EventType "tourn"]
[EventRounds "7"]
[EventCountry "DEN"]

1. d4 f5 2. g3 g6 3. Bg2 Bg7 4. c3 Nh6 5. Nd2 c6 6. Nc4 Nf7 7. Nf3 d6 8. O-O
O-O 9. Ng5 Qc7 10. a4 Nxg5 11. Bxg5 h6 12. Be3 Be6 13. d5 Bf7 14. Bd4 Nd7 15.
Bxg7 Kxg7 16. Qd4+ Nf6 17. Ne3 cxd5 18. Nxd5 Bxd5 19. Bxd5 Qc5 20. Be6 Rfd8 21.
Rfd1 Qxd4 22. Rxd4 Ne8 23. e4 fxe4 24. Rxe4 Rab8 25. Rae1 Nf6 26. Rc4 Kf8 27.
b4 d5 28. Rd4 Rd6 29. Re5 Rbd8 30. h4 Rc6 31. Rd3 Rdd6 32. b5 Rc4 33. Bxd5 Rxa4
34. Rf3 b6 35. c4 Rd7 36. Kg2 Kg7 37. Rfe3 Nxd5 38. cxd5 Kf6 39. Re6+ Kf7 40.
Rf3+ Kg7 41. h5 gxh5 42. Rfe3 Rxd5 43. Rxe7+ Kf8 44. Rh7 Rxb5 45. Ree7 Rf5 46.
Rb7 Kg8 47. Rhg7+ Kf8 48. Rh7 Kg8 1/2-1/2

[Event "Espergaerde Kystmesterskab 1995"]
[Site "Espergaerde"]
[Date "1995.10.07"]
[Round "5"]
[White "Jaksland, Tim"]
[Black "Ostergaard, Jens"]
[Result "0-1"]
[WhiteElo "2214"]
[BlackElo "2264"]
[PlyCount "94"]
[EventDate "1995.??.??"]
[EventType "tourn"]
[EventRounds "7"]
[EventCountry "DEN"]

1. Nf3 Nf6 2. d4 g6 3. Bg5 Bg7 4. Nbd2 O-O 5. e4 d5 6. Bd3 h6 7. Bxf6 exf6 8.
exd5 Re8+ 9. Be2 Qe7 10. Kf1 Bf5 11. Nb3 Be4 12. c4 Nd7 13. Qd2 b5 14. cxb5
Bxd5 15. Rc1 h5 16. Bd3 Nb6 17. Nc5 Qd6 18. Be2 Re7 19. b3 Kh7 20. Rd1 Rae8 21.
Ng1 f5 22. Bf3 Qf6 23. Bxd5 Nxd5 24. Nf3 Re2 25. Qxe2 Rxe2 26. Kxe2 Nc3+ 27.
Kd3 Nxd1 28. Rxd1 f4 29. Re1 Qf5+ 30. Re4 Qg4 31. h4 Bf6 32. Ke2 Bxh4 33. Nd3
Bg5 34. Re5 Bf6 35. Re4 g5 36. g3 Qf5 37. Nc5 fxg3 38. fxg3 Qh3 39. Kf2 h4 40.
gxh4 g4 41. Ne1 Bxh4+ 42. Ke2 f5 43. Re5 Bxe1 44. Kxe1 g3 45. Re7+ Kg8 46. Ne6
Qh1+ 47. Ke2 g2 0-1

[Event "Espergaerde Kystmesterskab 1995"]
[Site "Espergaerde"]
[Date "1995.10.07"]
[Round "5"]
[White "Olesen, Martin"]
[Black "Bratholm, Palle"]
[Result "0-1"]
[WhiteElo "2370"]
[BlackElo "1993"]
[PlyCount "76"]
[EventDate "1995.??.??"]
[EventType "tourn"]
[EventRounds "7"]
[EventCountry "DEN"]

1. e4 e6 2. d4 d5 3. e5 c5 4. c3 Nc6 5. Nf3 Qb6 6. a3 c4 7. Nbd2 Na5 8. Be2 Bd7
9. O-O Ne7 10. Rb1 Qc7 11. Re1 Nc8 12. Nf1 Nb6 13. Ne3 Ba4 14. Nc2 Nb3 15. Bf4
Nd7 16. Bg3 Nb8 17. h4 Nc6 18. h5 b5 19. Nh4 a5 20. f4 b4 21. f5 bxc3 22. bxc3
Nbxd4 23. cxd4 Nxd4 24. Nxd4 Bxd1 25. Bxd1 Bc5 26. Ba4+ Kf8 27. Bf2 exf5 28.
Rb5 Kg8 29. Nhxf5 Rb8 30. Rxb8+ Qxb8 31. Bd7 g6 32. Nh6+ Kf8 33. e6 Qf4 34. Ng4
gxh5 35. Be3 Bxd4 36. e7+ Kxe7 37. Bxd4+ Kxd7 38. Nf6+ Kc6 0-1

[Event "Espergaerde Kystmesterskab 1995"]
[Site "Espergaerde"]
[Date "1995.10.07"]
[Round "6"]
[White "Bang, Andreas"]
[Black "Jakobsen, Ole"]
[Result "0-1"]
[WhiteElo "2263"]
[BlackElo "2406"]
[PlyCount "76"]
[EventDate "1995.??.??"]
[EventType "tourn"]
[EventRounds "7"]
[EventCountry "DEN"]

1. Nf3 Nf6 2. c4 e6 3. Nc3 d5 4. d4 Be7 5. Bg5 O-O 6. e3 Nbd7 7. Qc2 b6 8.
O-O-O Bb7 9. cxd5 exd5 10. h4 c5 11. Kb1 Rc8 12. Bd3 a6 13. g4 c4 14. Bf5 g6
15. Bxf6 Bxf6 16. g5 Bg7 17. Bg4 b5 18. h5 b4 19. Ne2 Qe7 20. hxg6 hxg6 21. Rh4
Rc7 22. Bxd7 Rxd7 23. Rdh1 Rd6 24. Ne5 Bc8 25. Qd2 Bf5+ 26. Ka1 Rb8 27. Ng3 c3
28. Nxf5 gxf5 29. Qc2 Qc7 30. Qxf5 cxb2+ 31. Kb1 Rc8 32. Kxb2 b3 33. axb3 Rb6
34. Qd3 Rcb8 35. Rh8+ Bxh8 36. Qh7+ Kf8 37. Ng6+ Rxg6 38. Qxh8+ Ke7 0-1

[Event "Espergaerde Kystmesterskab 1995"]
[Site "Espergaerde"]
[Date "1995.10.07"]
[Round "6"]
[White "Bratholm, Palle"]
[Black "Frederiksen, Henrik K"]
[Result "0-1"]
[WhiteElo "1993"]
[BlackElo "2041"]
[PlyCount "80"]
[EventDate "1995.??.??"]
[EventType "tourn"]
[EventRounds "7"]
[EventCountry "DEN"]

1. c4 Nf6 2. Nc3 g6 3. e4 d6 4. d4 Bg7 5. Nf3 O-O 6. Be2 e5 7. d5 Nbd7 8. Bg5
h6 9. Bh4 a5 10. a3 Re8 11. h3 g5 12. Bg3 Nc5 13. Nd2 a4 14. O-O Bd7 15. Bf3
Qc8 16. b4 axb3 17. Nxb3 Nxb3 18. Qxb3 Nh7 19. Bh5 b6 20. f3 Nf6 21. Bg4 h5 22.
Bxd7 Nxd7 23. Bf2 Nf8 24. g4 Ng6 25. Bg3 Nf4 26. Bxf4 exf4 27. Ra2 Be5 28. Ne2
hxg4 29. hxg4 Qd8 30. Qd3 Qf6 31. Kg2 Kg7 32. Rh1 Rh8 33. Qd1 Rxh1 34. Qxh1 Rh8
35. Qg1 Rh4 36. Rd2 Qh6 37. Nd4 Bxd4 38. Qxd4+ Kg6 39. Kf1 Rh1+ 40. Ke2 Qh3 0-1

[Event "Espergaerde Kystmesterskab 1995"]
[Site "Espergaerde"]
[Date "1995.10.07"]
[Round "6"]
[White "Jaksland, Tim"]
[Black "Olesen, Martin"]
[Result "0-1"]
[WhiteElo "2214"]
[BlackElo "2370"]
[PlyCount "108"]
[EventDate "1995.??.??"]
[EventType "tourn"]
[EventRounds "7"]
[EventCountry "DEN"]

1. d4 Nf6 2. Nf3 e6 3. Bg5 c5 4. e3 Be7 5. Nbd2 b6 6. c3 Bb7 7. Bd3 cxd4 8.
exd4 d6 9. O-O Nbd7 10. Qe2 a6 11. Rfe1 O-O 12. a4 Re8 13. Nf1 Qc7 14. Ng3 Bf8
15. Rad1 g6 16. h4 Bg7 17. h5 e5 18. dxe5 dxe5 19. hxg6 hxg6 20. Ne4 Nxe4 21.
Bxe4 Bxe4 22. Qxe4 Nc5 23. Qc4 e4 24. Nh4 Qe5 25. Rd5 Qe6 26. f3 Nxa4 27. Rxe4
Nxb2 28. Qb3 Qc6 29. Nxg6 Rxe4 30. fxe4 Qxg6 31. Qxb2 Qxe4 32. Qd2 Bxc3 33.
Rd8+ Rxd8 34. Qxd8+ Kg7 35. Bh4 Qd4+ 36. Kf1 Qxd8 37. Bxd8 b5 38. Ke2 Kf8 39.
Kd3 Ke8 40. Bg5 b4 41. Kc4 Kd7 42. Bh4 Kc6 43. Bd8 Be1 44. Bf6 Kd6 45. Bd8 Ke5
46. Ba5 f5 47. Bb6 Kf4 48. Bc7+ Ke3 49. Bb6+ Ke2 50. Bc7 Kf2 51. g3 Kf3 52. Bd6
a5 53. Bc7 a4 54. Bd6 b3 0-1

[Event "Espergaerde Kystmesterskab 1995"]
[Site "Espergaerde"]
[Date "1995.10.07"]
[Round "6"]
[White "Ostergaard, Jens"]
[Black "Bonnez, Finn"]
[Result "1/2-1/2"]
[WhiteElo "2264"]
[BlackElo "1984"]
[PlyCount "78"]
[EventDate "1995.??.??"]
[EventType "tourn"]
[EventRounds "7"]
[EventCountry "DEN"]

1. d4 f5 2. g3 g6 3. h4 Nf6 4. h5 Rg8 5. hxg6 hxg6 6. Bg2 d5 7. c4 c6 8. Qc2
Be6 9. cxd5 Bxd5 10. Bf3 Na6 11. Nc3 Qd7 12. Bf4 Nb4 13. Qb1 Bg7 14. a3 Na6 15.
Be5 Rd8 16. Bxd5 Nxd5 17. Nf3 Bxe5 18. Nxe5 Qe6 19. e3 c5 20. Qc2 Nxc3 21. bxc3
Kf8 22. Qa2 Qxa2 23. Rxa2 Kg7 24. Ke2 cxd4 25. exd4 Rd6 26. Ke3 Nc7 27. f4 Nd5+
28. Kd3 Rc8 29. c4 Nf6 30. Rah2 Rcd8 31. Rh6 Nh5 32. R6xh5 Rxd4+ 33. Kc3 gxh5
34. Rxh5 e6 35. Rg5+ Kf8 36. Rg6 R8d6 37. Rf6+ Kg8 38. Rg6+ Kf8 39. Rf6+ Kg8
1/2-1/2

[Event "Espergaerde Kystmesterskab 1995"]
[Site "Espergaerde"]
[Date "1995.10.08"]
[Round "7"]
[White "Bonnez, Finn"]
[Black "Bang, Andreas"]
[Result "1-0"]
[WhiteElo "1984"]
[BlackElo "2263"]
[PlyCount "101"]
[EventDate "1995.??.??"]
[EventType "tourn"]
[EventRounds "7"]
[EventCountry "DEN"]

1. d4 e6 2. Nf3 f5 3. h3 Nf6 4. Bf4 Be7 5. e3 O-O 6. Nbd2 d6 7. c3 Nc6 8. Qc2
Nd5 9. Bh2 f4 10. exf4 Nxf4 11. Bxf4 Rxf4 12. Bd3 h6 13. O-O-O Bd7 14. Rde1 Qf8
15. Re3 d5 16. g3 Rf6 17. Bh7+ Kf7 18. Ne5+ Ke8 19. Ng4 Rxf2 20. Nxf2 Qxf2 21.
Rf3 Qg2 22. Qg6+ Kd8 23. Rhf1 Bg5 24. R1f2 Qh1+ 25. Kc2 Ke7 26. Qxg7+ Kd6 27.
h4 Bxd2 28. Kxd2 Qa1 29. Qxh6 Na5 30. Qf4+ Kc6 31. Ke2 Kb6 32. Bd3 Ba4 33. Qd2
Nc4 34. Bxc4 dxc4 35. Rf1 Qxa2 36. Re3 Re8 37. g4 Bc6 38. h5 Bg2 39. Rg1 Bd5
40. h6 Rh8 41. Rh3 Be4 42. g5 Bd3+ 43. Kf2 Qa5 44. Rf3 Qd5 45. Qe3 Kc6 46. Qe5
Qxe5 47. dxe5 Kd5 48. g6 Be4 49. g7 Rg8 50. Rf8 Bh7 51. Rd1+ 1-0